Normale Ansicht MARC-Ansicht ISBD

Heinrich von Kleist in Berlin [1800 - 1811] / (Titelsatznr. 373156)

[ MARC ]
MARC-Details
000 -Satzkennung
Kontrollfeld mit fester Länge 00729nam a2200229 4500
008 - Feld mit fester Länge zur physischen Beschreibung - Allgemeine Angaben
Kontrollfeld mit fester Länge 210119b ||||| |||| 00| 0 eng d
040 ## - Katalogisierungsquelle
Katalogisierungssprache ger
Übertragungsstelle DE-2950
Beschreibungsfestlegungen rda
Original-Katalogisierungsstelle DE-2950
041 ## - Sprachcode
Sprachcode des Textes/der Tonspur oder des separaten Titels ger
100 ## - Person oder Familie als 1. geistiger Schöpfer
Personenname Rolka, Milena:
Zählung 1987-
245 ## - Titel
Haupttitel Heinrich von Kleist in Berlin [1800 - 1811] /
Verantwortlichkeitsangabe Milena Rolka
260 ## - Publikation, Vertrieb usw. (Erscheinungsvermerk)
Erscheinungsort, Vertriebsort etc. Frankfurt (Oder):
Name des Verlags, des Vertriebs etc. Kleist-Museum,
264 ## - Veröffentlichungsangabe, Vertriebsangabe, Herstellungsangabe
Erscheinungs-, Vertriebs-, Herstellungsdatum 2024
300 ## - Physische Beschreibung
Umfang 30 S.
490 ## - Gesamttitelangabe
Haupttitel der Reihe/Unterreihe Frankfurter Buntbücher ;
Zählung 74
600 ## - Nebeneintragung unter einem Schlagwort - Personenname
Personenname Kleist, Heinrich von; Schriftsteller, Librettist, Lyriker, 1777-1811
651 ## - Nebeneintragung unter einem Schlagwort - Geografischer Name
Geografischer Name Berlin
773 ## - Übergeordnete Einheit
Ort, Verlag und Erscheinungsjahr Frankfurt (Oder): Kleist-Museum, 2023
Titel Frankfurter Buntbücher
Verknüpfungsangaben Bd. 74, S. 4-30
942 ## - Zusätzliche Felder (Koha)
Koha-Medientyp Aufsätze
Exemplare
Ausgeschieden Verloren Beschädigt Nicht entleihbar Permanenter Standort Aktueller Standort Aufstellungsort Eingabedatum Inventarnummer Anzahl Ausleihen Signatur Letzte Aktivität Preis gültig von Medientyp
        Stadtarchiv Frankfurt (Oder) | Archivbibliothek Stadtarchiv Frankfurt (Oder) | Archivbibliothek Lesesaal 06/06/2024 42/2024   III: 1637 ; FR4 06/06/2024 06/06/2024 Aufsätze